Návrh a realizácia riadiacich obvodov pre krokové a jednosmerné motory pre platformu Linux CNC

Saved in:
Bibliographic Details
Main Author: Domin, Samuel (Author)
Other Authors: Horváth, Dušan (Thesis advisor)
Format: Manuscript Book
Language:Slovak
Published: 2021
Subjects:
Online Access:http://is.stuba.sk/zp/portal_zp.pl?podrobnosti=148683
Tags: Add Tag
No Tags, Be the first to tag this record!

MARC

LEADER 00000ntm a22000003a 4500
001 stuzp82592
003 SK-STU
005 20210703211241.1
007 ta
008 150427s2015----xo-----f-mn---000-0-slo-d
040 |a STU  |b slo 
041 0 |a slo 
100 1 |a Domin, Samuel  |u 066000  |4 aut  |U MTF Materiálovotechnologická fakulta  |T MTF Ústav aplikovanej informatiky, automatizácie a mechatroniky  |X 97167  |U M6000  |Y 86  |7 97167 
242 0 1 |a Design and implementation of control circuits for stepper and DC motors for the Linux CNC platform  |y eng 
245 1 0 |a Návrh a realizácia riadiacich obvodov pre krokové a jednosmerné motory pre platformu Linux CNC 
260 |c 2021 
650 4 |a krokové motory  |2 slo 
650 4 |a jednosmerné motory  |2 slo 
650 4 |a ATMEL  |2 slo 
650 4 |a H-mostík  |2 slo 
650 4 |a Linux CNC  |2 slo 
650 4 |a H-bridge  |2 eng 
650 4 |a direct current motor  |2 eng 
650 4 |a ATMEL  |2 eng 
650 4 |a Linux CNC  |2 eng 
650 4 |a stepper motor  |2 eng 
700 1 |a Horváth, Dušan  |u 066000  |k Z1  |4 ths  |U MTF Materiálovotechnologická fakulta  |T MTF Ústav aplikovanej informatiky, automatizácie a mechatroniky  |X 62891  |U M6000  |Y 86  |7 A000062891 
856 4 |u http://is.stuba.sk/zp/portal_zp.pl?podrobnosti=148683 
996 |c M* BP-9059  |l MMSKP  |s P  |a 0  |w stuzp82592_0001